[Event "Olympiad-32"]
[Site "Yerevan"]
[Date "1996.09.25"]
[Round "9.4"]
[White "Ramesh, Ramachandran B"]
[Black "Kazhgaleyev, Murtas"]
[Result "0-1"]
[WhiteElo "2380"]
[BlackElo "2525"]
[Annotator "Vorotnikov,V"]
[PlyCount "34"]
[EventDate "1996.09.15"]
[EventType "team-swiss"]
[EventRounds "14"]
[EventCountry "ARM"]
[SourceTitle "CBM 055"]
[Source "ChessBase"]
[SourceDate "1996.12.01"]
[SourceVersion "1"]
[SourceVersionDate "1996.12.01"]
[SourceQuality "1"]
[WhiteTeam "India"]
[BlackTeam "Kazakhstan"]
[WhiteTeamCountry "IND"]
[BlackTeamCountry "KAZ"]

1. e4 e5 2. Nf3 Nc6 3. d4 exd4 4. Nxd4 Nf6 5. Nxc6 bxc6 6. e5 Qe7 7. Qe2 Nd5 8.
c4 Nb6 (8... Ba6 9. b3 g6 10. g3 Bg7 11. Bb2 O-O 12. Bg2 Rae8 13. O-O Bxe5 14.
Qxe5 Qxe5 15. Bxe5 Rxe5 16. cxd5 Bxf1 17. Kxf1 cxd5 18. Nc3 c6 $17 {Vajda,
L-Todorovic,G/Bucuresti/1996/}) 9. Nd2 (9. Nc3 g6 10. Ne4 Qe6 11. Nf6+ Kd8 12.
Bd2 Ba6 13. b3 d5 14. Bc3 dxc4 15. Qd2+ Kc8 16. Be2 Kb7 17. O-O h5 18. bxc4 Be7
19. a4 Rad8 20. Qb2 Ka8 21. Rfb1 Rb8 22. Qc2 Bxf6 23. exf6 Bxc4 24. Re1 Bxe2
25. Rxe2 Qc4 26. Be5 Rhe8 $13 {Van der Wiel,J-Garcia,G/Wijk aan Zee/1996/})
9... Bb7 (9... Qe6 10. b3 a5 11. Bb2 a4 12. Qe3 axb3 13. axb3 Rxa1+ 14. Bxa1
Bb4 15. Bd3 d6 16. O-O dxe5 17. Bxe5 f6 18. Bf4 Qxe3 19. Bxe3 O-O 20. Nf3 $14 {
Svidler,P-Sokolov,I/Groningen/1995/}) 10. h4 $6 (10. b3 $5 O-O-O 11. Bb2 d6 12.
O-O-O $14) 10... O-O-O 11. b3 d6 12. exd6 $4 (12. f4 $8 dxe5 13. fxe5 {/\Bb2})
12... Qf6 $1 13. Rb1 Bxd6 $40 14. Qg4+ Kb8 15. Be2 Rhe8 16. Ne4 (16. O-O Qe5
$19) 16... Qd4 17. f3 f5 $1 (17... f5 $1 18. Qxf5 Rxe4 19. fxe4 Bb4+ 20. Kf1
Rf8 $19) 0-1

[Event "Fraenkische GM 1st"]
[Site "Pulvermuehle"]
[Date "2000.01.16"]
[Round "4"]
[White "Wells, Peter K"]
[Black "Ibragimov, Ildar"]
[Result "0-1"]
[WhiteElo "2476"]
[BlackElo "2554"]
[Annotator "Wells,P"]
[PlyCount "76"]
[EventDate "2000.01.12"]
[EventType "tourn"]
[EventRounds "9"]
[EventCountry "GER"]
[EventCategory "10"]
[SourceTitle "CBM 075"]
[Source "ChessBase"]
[SourceDate "2000.04.05"]
[SourceVersion "1"]
[SourceVersionDate "2000.04.05"]
[SourceQuality "1"]

1. e4 e5 2. Nf3 Nc6 3. d4 exd4 4. Nxd4 Bc5 5. Nxc6 bxc6 $6 6. Nc3 Ne7 7. Na4 $5
Bd6 {[%cal Ge7g6,Gd6e5,Gd6e7]} 8. h4 $1 {I like this move. Since the advance ..
.f5 involves definite risks, black's only real hope to co-ordinate his
awkwardly placed minor pieces rests on playing ...Ng6 followed by ...Be5 or ...
Be7. The text predicts this, and offers excellent prospects of keeping black
tied up.} O-O (8... f5 $6 9. Qd4 fxe4 10. Qxg7 Ng6 11. Bg5 (11. h5 Be5 $14)
11... Be7 12. Nc3 $16 (12. h5 Bxg5 13. hxg6 Qf6 $1 14. Rxh7 Qxg7 15. Rxg7 {
is tempting but offers more counterplay.})) 9. h5 {[%csl Rg7][%cal Yh5h6]} h6
$8 {[%cal Gf7f5]} 10. g4 $1 {[%csl Yf5]} Re8 11. Be3 {A classicist at heart, I
felt it was about time to develop some pieces.} Kh8 12. Bd3 (12. g5 $1 {
Every 'chessical' bone in miy body told me ( and continues to tell me ) that
this is the right move. It was, also, unsurprisingly the one my opponent was
most afraid of. What was more difficult was to find a good follow-up after} Ng8
13. gxh6 (13. Qd4 hxg5 14. h6 Qf6 15. hxg7+ Kxg7 {seems quite OK for black.}) (
13. Qd2 Rxe4 14. Nc3 Rxe3+ $5 15. Qxe3 Qxg5) (13. Bd3 $5 {see note to the next
move.}) 13... Nxh6 14. Bd3 {This modest approach, or perhaps} (14. Bg2 $5 Qf6
15. Qd2) 14... Qf6 15. Qd2 {looks best. I am still surprised that white does
not have something more punchy, although the knight on a4, and the consequence
that the e-pawn is so often en prise, is of course a drawback.}) (12. Bc4 {
I also considered at some length. Eventually I couldn't feel enthusiastic for}
Ng8 13. Bxf7 Rxe4 14. Nc3 Re7 (14... Bb4 15. Bg6 Re7) 15. Bg6 Be5 {when I also
found the white position a bit loose.}) 12... Ng8 13. Qd2 (13. g5 {Again it is
difficult to make the 'violent' things work.} hxg5 14. Qd2 Be7 (14... Nf6 15.
h6 Nxe4 16. hxg7+ Kxg7 17. Qe2 Nf6 18. O-O-O Bf4 19. Rdg1 $40) 15. O-O-O (15.
h6 Nxh6 16. O-O-O d5 17. Rdg1 dxe4 18. Rxg5 exd3 (18... Bxg5 19. Bxg5 f6 20.
Bxh6 exd3 21. Bxg7+ Kxg7 22. Qh6+) 19. Rxg7 Kxg7 20. Bxh6+ Kg6 {is not correct.
}) 15... d5 16. h6 (16. e5) 16... Nxh6 17. Bd4 Bf6 {and black defends.}) 13...
Bf8 $1 (13... Nf6 $2 14. g5 Nxe4 15. Bxe4 Rxe4 16. gxh6 Rxa4 $140 17. hxg7+
Kxg7 18. Bd4+ Rxd4 (18... Kh7 19. Qd3+ Kg8 20. Rg1+ Kf8 21. Bg7+ Ke8 22. Bh6
$18) 19. Qxd4+ $16 {gives white a very strong attack. Black has very sensibly
built up some kind of a defence of h6 while preparing to strike in the centre,
and should maintain it.}) 14. O-O-O (14. g5 d5 15. f3 $5 $14) 14... d5 15. exd5
$6 {Such a moment in the game, when the initiative is clearly slipping
presents very severe psychological problems. Simply,} (15. f3 $5 dxe4 $140 16.
Bxe4 Qxd2+ 17. Rxd2 {retains a strong initiative.}) 15... Bxg4 16. Rdg1 Qxd5
17. Nc3 Qd7 $15 18. Rh4 Bf5 19. Rd4 Qc8 20. Rf4 Bxd3 21. Qxd3 Qe6 22. Re4 {
This was one of those games where each player played their best chess in the
difficult moments. White's harrying of the black queen has just about secured
sufficient compensation.} Qh3 23. Qc4 $1 Qxh5 ({In the event of} 23... Rxe4 {
I had the geometrically rather attractive} 24. Nxe4 Qxh5 25. Ng5 $1 hxg5 26.
Qxc6 $18 {[%cal Yc6a8,Yc6h1,Yg1h1] in mind. After the text move, the play
should be about equal.}) 24. Qxc6 Nf6 25. Rxe8 Rxe8 26. Qxc7 a5 27. a4 {
The position is about equal, but tricky to play in mutual time-trouble. This
move is perhaps intrinsically desirable, but it is also a luxury. White should
occupy the key diagonal with} (27. Bd4 $1 $138 Qh4 {concerned me, but simply}
28. Rd1 Be7 {is fine.}) 27... Kh7 28. Kb1 (28. Bd4 $1 $13) 28... Ne4 $6 29.
Nxe4 Rxe4 30. Qc8 $1 {Already with the following tactical shot in mind.
Unfortunately I failed to realise that it prepares a tactical blow in two
parts, and without the follow-up black will recompose himself and white's king
is suddenly the more vulnerable.} Be7 31. Bxh6 $1 $138 {[%csl Re4,Rh7] I was (
and in a rather limited sense still am ) pleased with this given that my flag
was hanging.} Bf6 $8 (31... Qxh6 $4 32. Qf5+ $18) 32. Be3 $2 {'(+)?' Wells.} (
32. Bg5 $1 {[%csl Re4][%cal Gc8f5]} Bxg5 33. Qf5+ Qg6 34. Rxg5 Qxf5 35. Rxf5
Rxa4 36. Rxf7 $16 {should give white excellent chances to convert.}) 32... Rxa4
33. Qc6 Rh4 34. Qa6 a4 35. Qd3+ g6 36. Qd7 Kg7 37. Rd1 Rb4 $17 38. Bd4 $2 Qxd1+
{I am making a habit of losing good positions against Ildar, who is above all
a strong and highly practical player.} 0-1

[Event "EU-ch 2nd"]
[Site "Ohrid"]
[Date "2001.06.13"]
[Round "12"]
[White "Wells, Peter K"]
[Black "Azarov, Sergei Nikolaevich"]
[Result "1-0"]
[WhiteElo "2522"]
[BlackElo "2452"]
[Annotator "Wells,P"]
[PlyCount "63"]
[EventDate "2001.06.01"]
[EventType "swiss"]
[EventRounds "13"]
[EventCountry "YUG"]
[SourceTitle "CBM 084"]
[Source "ChessBase"]
[SourceDate "2001.09.13"]
[SourceVersion "1"]
[SourceVersionDate "2001.09.13"]
[SourceQuality "1"]

1. e4 e5 2. Nf3 Nc6 3. d4 exd4 4. Nxd4 Bc5 5. Be3 Qf6 6. c3 Nge7 7. Bc4 b6 $5 {
This move, introduced by Jonathan Speelman at the end of 1991, has never
really caught on, but has retained a certain following ( I played the black
side too a couple of times in the early 90s ).. Its original conception
definitely revolved around light square play - the fianchetto of black's
light-squared bishop opens possibilities for interesting counterplay in the
event that white proceeds with the standard pawn expansion with f4 and e5. The
move also has the tactical benefit of defending the otherwise loose bishop on
c5, which is often a source of embarrassment to black in these lines. The
theretically most critical response probably involves castling, followed by
some knight move, seeking to compromise black's structure with an exchange on
c5.} 8. Qd2 $5 {Since Azarov had already played this line once before in the
tournament, it is rather tricky, not to mention embarrassing to explain that I
was simply not ready for it! At the board, I had a feeling that the main line
with 8 0-0 Bb7 9 Nb3 gave white an edge, but was hazy at best on the details.
So, I decided to go for a side-line with which I ( rightly, judging from his
time consumption over the next couple of moves ) anticipated my young opponent
would be relatively unfamiliar. White's idea is fairly simply to play b4,
looking for both a big centre and the bishop pair. A natural progression, once
it had been established that the b4 plan involved a probabaly too speculative
pawn sac in conjunction with merely castling.} (8. O-O Bb7 9. Nb3 $5 ({It is
interesting to see that Vladimir Baklan, a serious Scotch specialist has
recently revived} 9. b4 {with a new idea in mind.} Nxd4 10. bxc5 $5 (10. cxd4
Bxb4 {was found some time ago to give white insufficient, largely because after
} 11. a3 Ba5 12. d5 O-O {white cannot play the thematic f4 immediately for
tactical reasons, and hence must waste time.} 13. f4 (13. Ra2 c6 $132) 13... b5
(13... Qxa1 $5 14. Bd4 Qxd4+ 15. Qxd4 b5 $17 {[%cal Ga5b6]}) 14. e5 Qh6 $132 {
[%cal Ge7f5]}) 10... Ne6 11. cxb6 axb6 12. Bd5 Bc6 $1 13. f4 Ra5 $1 14. Bxc6
Nxc6 15. e5 Qf5 {1/2-1/2 Baklan,V-Marcelin,C/TCh-FRA, Mulhouse FRA 2001 (36)
and black looks very comfortable on the light squares, even though d7 is
slightly tough to cover.}) (9. Nb5 $5 O-O-O 10. Bxc5 bxc5 11. Nd2 Kb8 12. f4 a6
$5 13. Na3 d5 14. exd5 Nxd5 15. Ne4 Nxc3 $5 16. bxc3 $1 {[%cal Yc3d4,Gc6d4]}
Rxd1 17. Nxf6 Rxf1+ 18. Kxf1 gxf6 {Postny} 19. Rb1 $1 Ka7 20. Bxf7 $14) 9...
Ne5 10. Nxc5 bxc5 11. Bd5 Nxd5 12. exd5 Qd6 (12... d6 13. Qa4+ (13. c4 $5)
13... Kd8 $13) 13. Bf4 O-O 14. c4 c6 15. Nc3 cxd5 16. Re1 Rfe8 17. cxd5 Qf6 18.
Bg3 Nc4 19. Qa4 $16 {1-0 Baklan,V-Macieja,B/World Juniors, Zagan POL 1997/
[Wells] (39)}) 8... O-O $5 {[%mdl 8] Probably an unknowing novelty, but an
intelligent move, well thought through. Black keeps the bishop on c8, which
can increase his range of options after a quick ...d5 break. Previously seen:}
(8... Qg6 $5 9. f3 (9. O-O $5 Qxe4 10. Bd3 Qh4 11. Nb5 {was Ftacnik's
suggestion at the time, which looks rather sensible to me.}) 9... Ne5 10. Bf1
d5 11. b4 Bd6 12. f4 Ng4 13. e5 Bxe5 14. fxe5 Qe4 15. Nc2 Nxe3 16. Nxe3 Nf5 17.
Bb5+ Kf8 18. Kf2 Qf4+ 19. Ke2 d4 20. Nxf5 Qxf5 21. Kd1 Qxe5 {0-1 Handoko,
E-Speelman,J/Moscow ol 1994 (43) was lots of fun, and probably pretty sound
from black's point of view.}) (8... Bb7 $6 9. b4 Bxd4 10. cxd4 a5 $6 (10... O-O
11. O-O h6 12. a3 Qg6 13. Nc3 Kh8 14. f4 f5 15. d5 Nd8 16. e5 $16 {1-0 Lau,
R-Juergens,V/Dortmund 1992/TD (32) This is from the tournament in which German
Grandmaster Ralf Lau introduced 8 Qd2, and this position must represent pretty
much the nightmare scenario for black who is being pushed back on all fronts.})
11. b5 Nd8 12. Nc3 d5 13. exd5 Qd6 14. O-O O-O 15. Bf4 Qd7 16. Be5 h6 17. a4
Ra7 18. Qa2 $16 {1-0 Lastin,A-Kholmov,R/Omsk/Perm 1998/EXT 2000 (39)}) 9. b4 $6
(9. O-O $5 {might have been more circumspect!}) 9... Bxd4 10. cxd4 Qg6 {
At this point I became aware of the possibility that I had slightly
overreached myself. Giving a pawn for play had always formed part of the 8 Qd2
game plan, but there were now worries over which pawn I might have to give!}
11. Nc3 {It really does seem to be too late for solidity, and essentially I
was right to be afraid by} (11. f3 $6 d5 $1 12. exd5 Nf5 $1 13. dxc6 (13. Bd3
Nxb4 $1 14. Bxf5 Bxf5 15. Qxb4 Qxg2 16. Rf1 Rae8 $40) 13... Nxe3 $1 ({During
the game I missed the important detail that} 13... Re8 {could be met with} 14.
Bd3 $1 {but this oversight probably helped me to the right decision.} (14. O-O
Nxe3 15. Re1 Bh3 $1 $17) 14... Qh6 15. Bxf5 Bxf5 16. Kf2 $18) 14. Qxe3 Ba6 $1
15. Nd2 Rae8 16. Bxf7+ Kxf7 17. Ne4 Qxg2 $132) 11... d5 $1 {Again my opponent
plays aggressively and I suspect correctly too. Neither of the alternatives is
unplayable for black by any means, but I was fairly comfortable with my
compensation after either:} (11... Nxb4 12. d5 $5 Ba6 13. Bxa6 Nxa6 14. O-O $44
{[%csl Ra6,Rg6]}) ({or} 11... Qxg2 12. O-O-O Nxb4 13. Rhg1 Qf3 14. Rg3 Qh5 15.
Rdg1 Ng6 16. f4 $40) 12. Nxd5 $5 {This involves a scenario I was trying to
avoid - sacrificing a pawn, and having the e-pawn removed with its important
implications for key defensive squares. Still, it is the only practical choice
here.} Qxg2 13. O-O-O Qxe4 14. Nc3 Qf5 15. Rhg1 {[%csl Yc4,Ye3,Rf5][%cal Yg1g7]
I had a feeling that with the bishop pair, the g-file and black's exposed
queen white is likely in practice to generate a lot of mischief. Besides, I
had already seen that the course which my opponent eventually opted for would
cost him a piece, albeit for a bunch of pawns.} Nxb4 $5 16. Rg5 Qf6 $2 (16...
Qd7 $2 {loses outright to} 17. Rxg7+ Kxg7 18. Bh6+ $18) ({but} 16... Qf3 $1 {
is a much tougher option, and in the cold light of day it could be simply
better for black.} 17. Rdg1 (17. Bf1 Qc6) 17... g6 $1 18. a3 (18. Bf1 Qc6 19.
Bg2 Nxa2+ 20. Kb2 Qxc3+ 21. Qxc3 Nxc3 22. Bxa8 f6 $44) 18... Ba6 $1 $17 (18...
Qc6 $13 19. Bb3 Na6 20. h4 Rd8 21. h5 Nc5 22. Bc2)) 17. Ne4 Qc6 18. Qxb4 Qxe4
19. Re5 Qc6 20. d5 $1 (20. Rxe7 Ba6) 20... Nxd5 21. Rexd5 Ba6 22. R1d4 $8 {
despite the slight awkwardness of it all, it is a piece for three pawns, and I
was fairly confident that following a couple of consolidating moves, there was
still discomfort to be caused to the black king too.} Bb7 $6 (22... b5 $6 23.
Rc5) (22... Rae8 $5 $14) 23. Rf5 $1 (23. Kb2 $2 Qf6 $1 $132) 23... Ba6 {
Black seems to have lost the thread - I suspect he had overlooked 23 Rf5} 24.
Qc3 $1 Bxc4 25. Rxc4 Qd7 {A disappointment. I was getting quite excited that
my opponent would become materialistic and go for} (25... Qh1+ $2 26. Kb2 Qxh2
{when I had lined up the spectacular} 27. Qxg7+ $3 Kxg7 28. Rg4+ Kh8 29. Bd4+
f6 30. Rxf6 {with mate to follow.}) 26. Rg5 (26. Bh6 f6 27. Rxc7 Qxc7 28. Qxc7
Rac8 $17) 26... g6 ({At the time I was concerned for some reason about} 26...
f6 27. Rxc7 Qxc7 28. Qxc7 fxg5 $16 {but in the cold light of day the defence
looks much tougher than the conversion here.}) 27. Rxc7 Qh3 (27... Rac8 {
can be met with 28 Rxd7 of course, but for some reason I had hallucinated that}
28. Rgc5 $5 {was forced, and it is also very strong.}) 28. Qf6 {[%cal Ye3d4,
Yd4h8]} Rad8 (28... Rac8 29. Kb2 $1 $18) 29. Bd4 Rxd4 30. Qxd4 Qxh2 31. Rc2 Qh3
32. Kb2 1-0

[Event "FIDE-Wch k.o."]
[Site "Tripoli"]
[Date "2004.06.20"]
[Round "1.2"]
[White "Charbonneau, Pascal"]
[Black "Bacrot, Etienne"]
[Result "0-1"]
[WhiteElo "2484"]
[BlackElo "2675"]
[Annotator "Wells,P"]
[PlyCount "44"]
[EventDate "2004.06.19"]
[EventType "k.o."]
[EventRounds "7"]
[EventCountry "LBY"]
[SourceTitle "CBM 102"]
[Source "ChessBase"]
[SourceDate "2004.09.23"]
[SourceVersion "1"]
[SourceVersionDate "2004.09.23"]
[SourceQuality "1"]

1. e4 {Postny,E} e5 2. Nf3 Nc6 3. d4 exd4 4. Nxd4 Bc5 5. Be3 Qf6 6. c3 Nge7 7.
g3 {Postny,E: 'This line gained popularity recently.'} d5 $1 {It is precisely
for this reason that 7 Bc4 is nowadays very much the main line. However, the
clearance in the centre is by no means the end of the tension since both sides
have exposed pieces.} ({Deserves further investigation:} 7... h5 $5 {(Postny,E)
--> 1/2-1/2 Movsesian,S-Shirov,A/Sarajevo 2004/CBM 101 [Postny,E] (39)}) 8. Bg2
dxe4 9. Nd2 {Postny,E: 'This continuation has the best statistics for white.'}
(9. Nb5 $5 {'?!' Postny,E. Postny,E: '--> 0-1 Narciso Dublan,M-Azarov,S/Leon
2001/CBM 86 [Postny,E] (40)' Is more interesting now when it cannot be so
easily ignored!}) ({A possible alternative is} 9. O-O {(Postny,E) which was
successfully employed several times by Sutovsky. For example see the annotated
game Sutovsky,E-Bauer,C/Plovdiv 2003/CBM 98 (1-0, 65) [Postny,E]}) 9... Bb6 {
Postny,E: 'A rare, but solid continuation. Usually black prefered to exchange
on d4.'} (9... Nxd4 {Postny,E} 10. Nxe4 Qg6 11. cxd4 Bb4+ 12. Nc3 O-O 13. O-O
c6 14. Qb3 Bd6 15. Rad1 $14 {1-0 Castro Rojas,O-Campora,D/Bogota 1979/EXT 2003
(65)}) (9... Bxd4 {Postny,E} 10. cxd4 Bf5 (10... Nd5 11. Nxe4 Qe7 12. Qb3 Nxe3
13. fxe3 Nd8 14. O-O $14 {0-1 Heidrich,M-Slobodjan,R/Germany 1997/EXT 99 (40)})
(10... O-O 11. Nxe4 Qg6 12. O-O Bg4 13. Qb3 $14 {0-1 Santo Roman,M-Gomez
Esteban,J/Linares 1995/CBM 51 (38)}) 11. Nxe4 Bxe4 12. Bxe4 Qe6 13. Bg2 Nd5 14.
Qb3 O-O-O 15. O-O Rhe8 16. Rac1 $14 {1/2-1/2 Sedlak,N-Ovod,E/Budapest 2002/CBM
89 ext (49)}) 10. Nxe4 Qg6 11. Nb5 $6 {Postny,E: 'It is logical to put
pressure on black's queenside, but black has a strong reply at his disposal...'
} ({Not just with hindsight we can say this was definitely the moment for the
more modest} 11. O-O $1 {~~ '>=' Postny,E.} Bg4 {Postny,E} 12. Qa4 O-O 13. Nc5
Ne5 14. Bf4 Bxc5 15. Bxe5 $14 {1/2-1/2 Sveshnikov,E-Yurtaev,L/Podolsk 1990/TD 
(73)}) 11... O-O 12. Bxb6 Bh3 $1 {[%csl Re1] Postny,E: 'This excellent move
gives black a good game.'} 13. Nf6+ $8 {Postny,E: 'The only reasonable
continuation.'} Qxf6 ({Not} 13... gxf6 $2 14. Bxh3 Qe4+ 15. Kd2 cxb6 16. Qg4+ {
and the king on the d-file is no handicap without queens on the board.}) 14.
Bxh3 cxb6 15. O-O Rad8 {[%csl Gd2][%cal Gd8d1] Structurally White might even
be able to consider putting in a very modest claim. The problem is that Black
is first to the d-file and has good chances to control the entry square d2,
assisted by White's slightly loose minor pieces. Incidentally, while the
bishop is perfectly healthy really, the knight may find more enduring problems
in returning to the fray.  Postny,E: 'It is clear that white should fight for
the equality here. Black's pieces are harmoniously placed, which can not be
said about the white ones.'} 16. Qb3 $1 $146 {Postny,E: 'Probably the safest
place for the queen, but this novelty cannot change the evaluation of the
position as good for black.'} ({As I mentioned in the text, none of this was
really new! White also had severe difficulties after} 16. Qe2 Qh6 $1 {[%cal
Gh6h3,Gh6d2]} 17. Bg2 Rd2 18. Qe4 a6 (18... Rxb2 $2 19. Nxa7) 19. Na3 b5 $1 {
[%csl Ra3] '=/+' Postny,E. Postny,E: '1/2-1/2 Sveshnikov,E-Balashov,Y/Moscow
1989/TD (37)'} (19... Rxb2 $6 20. Nc4 Rb5 21. a4) 20. Rad1 Rfd8 $6 (20... Rxb2
$1 21. Rd7 Qf6 {was a much simpler way to clarify Black's plus.}) 21. Rxd2 Rxd2
22. Qb1 Ne5 23. Qe4 N5c6 24. Qb1 Qe6 25. Qc1 Rd8 (25... Re2 $5 26. Bf3 Re5 $15)
26. Rd1 Rxd1+ 27. Qxd1 Qxa2 $6 (27... g6 $15 {- Balashov.}) 28. Bxc6 Nxc6 29.
Qd7 g6 (29... Qe6 30. Qxb7 h5 (30... Qe1+ 31. Kg2 Qe4+ 32. f3 Qe2+ 33. Kg1 $10)
31. Nc2 h4 32. Ne3 $10) 30. Qxb7 $11 Qxb2 31. Qxa6 Ne5 32. Qxb5 Qxc3 33. Qe2 f6
34. Nc2 h5 35. Ne1 h4 36. Kg2 Qc6+ {1/2-1/2 Sveshnikov,E-Balashov,Y/Moscow 
(GMA) 1989/ Informator 48.}) 16... a6 17. Na3 b5 {Again Bacrot emphasising the
unhappiness of the white knight just before his own shows its power!} 18. Rad1
Ne5 19. Rxd8 ({A bit safer was} 19. Bg2 {Postny,E} Nf3+ 20. Bxf3 Qxf3 21. c4
Qxb3 22. axb3 $11) 19... Nf3+ $1 {Postny,E: 'Useful intermediate check.'} 20.
Kg2 Rxd8 {Postny,E: 'It looks like white is in trouble, but in fact he can
hold the balance.'} 21. Rd1 Nd2 22. Kg1 $2 {Postny,E: 'Loses on the spot.'} ({
White could still reach the equality by} 22. Nb1 $1 {Postny,E} Qc6+ 23. Kg1
Nf3+ 24. Kh1 {[%cal Gh3g2] and black does not have more than a perpetual check.
}) 22... Qd6 $1 {[%csl Rd1][%cal Gd2b3,Gd2f3]} 0-1